|
|
|
|
| LEADER |
01107nam a2200361 4500 |
| 001 |
DLU030022100 |
| 005 |
##20010405113200.0 |
| 008 |
##001208s2002 ohua b 001 0 eng |
| 010 |
# |
# |
|a 00052315
|
| 020 |
# |
# |
|a 0324058810
|
| 040 |
# |
# |
|a DLC
|c DLC
|d DLC
|
| 042 |
# |
# |
|a pcc
|
| 050 |
# |
# |
|a HD30.22
|b .M32 2002
|
| 082 |
# |
# |
|a 338.502 4
|b MC-J
|
| 100 |
# |
# |
|a McGuigan, James R.
|
| 245 |
# |
# |
|a Managerial economics :
|b applications, strategy, and tactics /
|c James R. McGuigan, R. Charles Moyer, Frederick H. deB. Harris.
|
| 250 |
# |
# |
|a 9th ed.
|
| 260 |
# |
# |
|a Cincinnati, Ohio :
|b South-Western,
|c c2002.
|
| 300 |
# |
# |
|a 1 v. (various pagings) :
|b ill. ;
|c 26 cm.
|
| 504 |
# |
# |
|a Includes bibliographical references and index.
|
| 650 |
# |
# |
|a Managerial economics
|v Problems, exercises, etc.
|
| 650 |
# |
# |
|a Managerial economics.
|
| 700 |
# |
# |
|a Harris, Frederick H. deB.
|
| 700 |
# |
# |
|a Moyer, R. Charles,
|d 1945-
|
| 992 |
# |
# |
|a 140.34
|
| 994 |
# |
# |
|a DLU
|
| 900 |
# |
# |
|a True
|
| 911 |
# |
# |
|a Phan Ngọc Đông
|
| 925 |
# |
# |
|a G
|
| 926 |
# |
# |
|a A
|
| 927 |
# |
# |
|a SH
|
| 980 |
# |
# |
|a Thư viện Trường Đại học Đà Lạt
|